Statistics for Austria EURO 2021 Squad

Click here to take the quiz!

General Stats

  • This quiz has been taken 21 times
  • The average score is 15 of 26

Answer Stats

HintAnswer% Correct
DFDavid Alaba
94%
FWMarko Arnautovic
94%
GKDaniel Bachmann
82%
MFMarcel Sabitzer
82%
DFStefan Lainer
82%
MFKonrad Laimer
76%
DFAndreas Ulmer
71%
MFChristoph Baumgartner
71%
MFJulian Baumgartlinger
71%
DFMartin Hinteregger
71%
DFAleksandar Dragovic
65%
GKAlexander Schlager
65%
FWSasa Kalajdzic
65%
MFXaver Schlager
65%
MFFlorian Grillitsch
53%
FWMichael Gregoritsch
53%
DFStefan Posch
53%
FWKarim Onisiwo
47%
GKPavao Pervan
47%
MFValentino Lazaro
47%
DFPhilipp Lienhart
41%
DFMarco Friedl
35%
MFStefan Ilsanker
35%
MFAlessandro Schöpf
29%
MFLouis Schaub
18%
DFChristopher Trimmel
12%

Score Distribution

Percentile by Number Answered

Percent of People with Each Score

Your Score History

You have not taken this quiz